LEADER 00788nam a2200241 i 4500 001 991001953619707536 005 20020503155301.0 008 000908s1931 fr ||| | fre 035 $ab10295938-39ule_inst 035 $aEXGIL94204$9ExL 040 $aBiblioteca Interfacoltà$bita 082 0 $a194 100 1 $aJankélévitch, Vladimir$0384963 245 10$aBergson /$cpar Vladimir Jankélévitch 260 $aParis :$bAlcan,$c1931 300 $a302 p. 650 4$aBergson, Henri 907 $a.b10295938$b02-04-14$c27-06-02 912 $a991001953619707536 945 $aLE002 Fil. IX G 25$g1$i2002000530769$lle002$o-$pE0.00$q-$rl$s- $t0$u0$v0$w0$x0$y.i10349200$z27-06-02 996 $aBergson$9209206 997 $aUNISALENTO 998 $ale002$b01-01-00$cm$da $e-$ffre$gfr $h0$i1 LEADER 03733oam 22007454a 450 001 9910367657603321 005 20241108190302.0 010 $a9780295804781 010 $a0295804785 024 7 $a10.1515/9780295804781 035 $a(CKB)2550000001143355 035 $a(EBL)3444554 035 $a(SSID)ssj0001036651 035 $a(PQKBManifestationID)11688827 035 $a(PQKBTitleCode)TC0001036651 035 $a(PQKBWorkID)11042614 035 $a(PQKB)10881827 035 $a(MdBmJHUP)muse27802 035 $a(Au-PeEL)EBL3444554 035 $a(CaPaEBR)ebr10777413 035 $a(CaONFJC)MIL810464 035 $a(MiAaPQ)EBC3444554 035 $a(oapen)https://directory.doabooks.org/handle/20.500.12854/88462 035 $a(Perlego)723734 035 $a(DE-B1597)725991 035 $a(DE-B1597)9780295804781 035 $a(oapen)doab88462 035 $a(EXLCZ)992550000001143355 100 $a20130718d2013 uy 0 101 0 $aeng 135 $aur|n|---||||| 181 $ctxt 182 $cc 183 $acr 200 10$aChina's New Socialist Countryside$eModernity Arrives in the Nu River Valley /$fRussell Harwood 205 $a1st ed. 210 $cUniversity of Washington Press$d2013 210 1$aSeattle :$cUniversity of Washington Press,$d[2013] 210 4$d©[2013] 215 $a1 online resource (249 p.) 225 0 $aStudies on ethnic groups in China 300 $aDescription based upon print version of record. 311 08$a9780295993386 311 08$a0295993383 311 08$a9780295993256 311 08$a0295993251 320 $aIncludes bibliographical references and index. 327 $a""Contents""; ""Foreword by Stevan Harrell""; ""Acknowledgments""; ""Equivalents and Abbreviations""; ""Introduction""; ""1. Life at the Periphery of the Chinese Party-State: An Introduction""; ""2. Nature Reserves and Reforestation: The Impacts of Conservation Programs upon Livelihoods""; ""3. All Is Not as It Appears: Education Reform""; ""4. Migration from the Margins: Increasing Outward Migration for Work""; ""Conclusion""; ""Notes""; ""Glossary of Chinese Terms""; ""Bibliography""; ""Index"" 330 $aBased on ethnographic fieldwork, this case study examines the impact of economic development on ethnic minority people living along the upper-middle reaches of the Nu (Salween) River in Yunnan. In this highly mountainous, sparsely populated area live the Lisu, Nu, and Dulong (Drung) people, who until recently lived as subsistence farmers, relying on shifting cultivation, hunting, the collection of medicinal plants from surrounding forests, and small-scale logging to sustain their household economies. China's New Socialist Countryside explores how compulsory education, conservation programs, migration for work, and the expansion of social and economic infrastructure are not only transforming livelihoods, but also intensifying the Chinese Party-state?s capacity to integrate ethnic minorities into its political fabric and the national industrial economy. 410 0$aStudies on Ethnic Groups in China 606 $aRural population$zChina$zNujiang Lisuzu Zizhizhou 606 $aRural development$zChina$zNujiang Lisuzu Zizhizhou 607 $aNujiang Lisuzu Zizhizhou (China)$xEconomic conditions 607 $aNujiang Lisuzu Zizhizhou (China)$xSocial conditions 615 0$aRural population 615 0$aRural development 676 $a307.1/4120951 686 $aLB 48440$qSEPA$2rvk 700 $aHarwood$b Russell$0871324 801 0$bMdBmJHUP 801 1$bMdBmJHUP 906 $aBOOK 912 $a9910367657603321 996 $aChina's new socialist countryside$91945190 997 $aUNINA